Normal view MARC view

Entry Personal Name

Number of records used in: 1

001 - CONTROL NUMBER

  • control field: 1237294

003 - CONTROL NUMBER IDENTIFIER

  • control field: OSt

005 - DATE AND TIME OF LATEST TRANSACTION

  • control field: 20260430150354.0

008 - FIXED-LENGTH DATA ELEMENTS

  • fixed length control field: 260430|| aca||aabn | a|a d

040 ## - CATALOGING SOURCE

  • Original cataloging agency: OSt
  • Transcribing agency: OSt

100 ## - HEADING--PERSONAL NAME

  • Personal name: P.Arun Au.; Singh Ujjwal Kumar Gu

670 ## - SOURCE DATA FOUND

  • Source citation: Work cat.: (OSt)1849627: P.Arun Au.; Singh Ujjwal Kumar Gu., Communications Survillance in Democracy: A Comparative Study of India, United States of America and United Kingdom, 2022
Copyright @ Delhi University Library System